| 000 | 00386nam a22001457a 4500 | ||
|---|---|---|---|
| 005 | 20260103115847.0 | ||
| 020 | _a9789814390910 | ||
| 084 | _a530.4 | ||
| 100 |
_aFlude, Peter _97286 |
||
| 245 | _aCorrelated electrons in quantum matter | ||
| 260 |
_aSingapore: _bWorld Scientific, _c2012. |
||
| 300 | _axiii,535p. | ||
| 650 | _aConstitution and properties of matter | ||
| 942 |
_2ddc _cBK |
||
| 999 |
_c754741 _d754741 |
||